Cent dessins de Watteau, (Record no. 22772)

MARC details
000 -LEADER
fixed length control field 00850cam a22002411 4500
001 - CONTROL NUMBER
control field f 01002300
003 - CONTROL NUMBER IDENTIFIER
control field DLC
005 - DATE AND TIME OF LATEST TRANSACTION
control field 20260227111242.0
008 - FIXED-LENGTH DATA ELEMENTS--GENERAL INFORMATION
fixed length control field 830118s1892 fr f 000 0 fre
010 ## - LIBRARY OF CONGRESS CONTROL NUMBER
LC control number f 01002300
035 ## - SYSTEM CONTROL NUMBER
System control number (OCoLC)9139005
040 ## - CATALOGING SOURCE
Original cataloging agency DLC
Transcribing agency PP
Modifying agency PP
-- DLC
042 ## - AUTHENTICATION CODE
Authentication code premarc
050 00 - LIBRARY OF CONGRESS CALL NUMBER
Classification number NC1055.W3
Item number M3
100 1# - MAIN ENTRY--PERSONAL NAME
Personal name Watteau, Antoine,
Dates associated with a name 1684-1721.
245 10 - TITLE STATEMENT
Title Cent dessins de Watteau,
Statement of responsibility, etc. gravés par Boucher; précédés d'une préface de Paul Mantz.
260 ## - PUBLICATION, DISTRIBUTION, ETC.
Place of publication, distribution, etc. Paris,
Name of publisher, distributor, etc. Librairie illustrée,
Date of publication, distribution, etc. 1892.
300 ## - PHYSICAL DESCRIPTION
Extent 3 p. l. incl. front., v p., 100 pl., 1 l., [103]-118 p., 1 l.
Dimensions 30 cm.
500 ## - GENERAL NOTE
General note Title vignette.
500 ## - GENERAL NOTE
General note "Cet ouvrage a été tiré à cinq cents-exemplaires sur papier vélin numérotés à la presse."
700 1# - ADDED ENTRY--PERSONAL NAME
Personal name Boucher, François,
Dates associated with a name 1703-1770.
700 1# - ADDED ENTRY--PERSONAL NAME
Personal name Mantz, Paul,
Dates associated with a name 1821-1895.

No items available.

Powered by Koha